01259cam a2200325 i 450000100090000000300050000900500170001400800410003101000170007202000180008904000290010704200150013604300210015105000230017210000320019524500920022724600230031930000240034250400670036665100360043365100360046965100430050565100430054885600840059190600450067594200120072099900190073295200910075195200910084218459875ASAB20180827062638.0150123s2015 pk b 001 0 eng  a 2014363655 a9789699556111 aDLCbengcASABerdadDLC alcodeapcc aa-cc---aa-ii---00aDS450.C5bM35 20151 aMalik, Nadeem Shafiq.9190010aIndia vs China :ba review of the Aksai Chin border dispute /cDr. Nadeem Shafiq Malik.3 aIndia versus China a184 pages ;c25 cm. aIncludes bibliographical references (pages 155-174) and index. 0aIndiaxBoundarieszChina.91901 0aChinaxBoundarieszIndia.91902 0aIndiaxForeign relationszChina.91903 0aChinaxForeign relationszIndia.91904413Table of contents onlyuhttp://www.loc.gov/catdir/toc/fy16pdf01/2014363655.html a7bcbccorigoded3encipf20gy-gencatlg 2ddccBK c480122d480122 00102ddc40708NFICaASABbASABd2016-06-16l0pASAB3311r2016-06-16w2016-06-16yBK 00102ddc40708NFICaASABbASABd2016-06-16l0pASAB3310r2016-06-20w2016-06-16yBK